00545nam a2200181Ia 4500008004100000020001300041040001900054041001200073082002500085100002100110245009300131260002600224300001700250504004800267650001200315651001800327850001800345131103s9999 xx 000 0 und d cRs.20.00 aLoreto College aEnglish a954/SENbLCBED/11938 aSen, Asoka Kumar 4aThe popular uprising and the intelligentsiab bengal between 1855-1873 cAsoka Kumar Sen aCalcuttabFirmac1992 a115pb 22cm. aIncludes bibilographical references & index aHistory aIndia-history aLCBED/954/SEN